| 000 | 00870 a2200253 4500 | ||
|---|---|---|---|
| 005 | 20260423123818.0 | ||
| 008 | 260423b |||||||| |||| 00| 0 eng d | ||
| 020 | _a978-81-993502-5-0 | ||
| 037 | _cTB | ||
| 040 |
_aCRL _cCRL |
||
| 041 |
_2eng _aeng |
||
| 084 |
_aV4498:1941.P1 R6 _qCRL |
||
| 100 |
_aSenaratne, Bhagya _91113216 |
||
| 245 |
_aFrom friendship to dependency: _banalyzing Sri Lanka's foreign policymaking towards China |
||
| 260 |
_aNew Delhi, India: _bKW Publishers, _c2026. |
||
| 300 | _a239p. | ||
| 365 |
_b1280.00 _cINR |
||
| 650 |
_aSri Lanka-Foreign relations _91235500 |
||
| 650 |
_aChina-History _9815082 |
||
| 650 |
_aChina-Foreign relations _91234080 |
||
| 650 |
_aSri Lanka-History _91235512 |
||
| 942 |
_cTB _2CC _hV4498:1941.P1 R6 |
||
| 999 |
_c1678520 _d1678520 |
||